| 000 | 01188nam a2200301 c 4500 | ||
|---|---|---|---|
| 003 | BLK | ||
| 005 | 20180420215234.0 | ||
| 008 | 180413b bul|||||r ||||||| ||bul|| | ||
| 010 | _aKNG00019119000 | ||
| 040 | _aBLK | ||
| 041 |
_aBUL _cBUL |
||
| 080 |
_aАмериканска литература (на САЩ) _b821.111(73) _x-312.9 _z821.111(73)-312.9 |
||
| 100 | 1 |
_aРобинсън, Ким Стенли _eпърви автор _9259301 |
|
| 700 | 1 |
_aМайноловски, Сибин _eпрев. от англ. _9261776 |
|
| 139 |
_aРобинсън, Ким Стенли _bР 69 |
||
| 245 | 1 | 0 |
_aЗеленият Марс _bРоман _cКим Стенли Робинсън; прев. от англ. Сибин Майноловски. |
| 257 | _aUSA | ||
| 260 |
_аСофия _bБард _c1997 |
||
| 300 |
_a384 с. _c20 см |
||
| 380 | _aX | ||
| 490 | 1 |
_aИзбрана световна класика _v43 |
|
| 500 | _aОриг. загл. Green Mars / Kim Stanley Robinson. - 1 000 тир. | ||
| 852 | _aЦб 194104 | ||
| 856 | 4 |
_qpdf _u |
|
| 856 | 4 |
_qpdf _u |
|
| 942 |
_cKNG _n0 |
||
| 944 |
_aCR _c15.01.2003 _kЦветанка_Енчева |
||
| 944 |
_aED _c07.09.2015 _kВалентина_Караджова |
||
| 999 |
_c17189 _d17189 |
||